00951nam a22001697a 450000500170000000800410001702000180005805000230007610000470009924501290014626001410027530001010041649000450051750000460056265000980060865000750070620260306125210.0260305b mx ||||| |||| 00| 0 spa d a978841313604204aKGF5404 bS64 20201 aSpeckman, Elisa (Speckman Guerra), eautor10aEn tela de juicio justicia penal, homicidios célebres y opinión pública (México, siglo XX)c / Elisa Speckman Guerra aCiudad de México : bTirant lo Blanch : Universidad Nacional Autónoma de México, Instituto de Investigaciones Históricas, c2020 a639 páginas : bilustraciones, tablas, fotografías en blanco y negro, facsímiles ; c24 cm 0aHistoria del derecho en América Latina aIncluye bibliografía: páginas 550-576 72lembaAdministración de justicia penalzMéxico xOpinión pública xHistoriaySiglo XX 72lembaAsesinato zMéxico xOpinión pública xHistoria ySiglo XX